000 00628aab a2200205 4500
001 768714001
003 CO-MdFUSB
005 20240702102916.0
008 170602s2003 cr ||||| |||| 00| 0 sp d
022 _a1409-1968
040 _aCO-MdFUSB
_bspa
_cCO-MdFUSB
_dCO-MdFUSB
041 _aspa
100 1 _aShaw, Chris
_eautor
245 1 0 _aAnatomía de una división
_c/ Chris Shaw
300 _aVolumen 20. Número 4 (2003), Páginas 18-24
_c; 27 cm.
546 _aTexto en español
773 0 _tApuntes Pastorales
_049442
_960152
_gVolumen 20. Número 4 (2003), Páginas 18-24
_qPágina 18
942 _cANA
945 _aJTF-925
999 _c60699
_d60699